000 00549nam a2200181 4500
005 20240920105612.0
008 240920b |||||||| |||| 00| 0 eng d
020 _a9780190707842
040 _cPK-LaUMT
082 _a954.0357
_bIQB-W
100 _aIqbal Chawla, Muhammad
_92143
245 _aWavell and the dying days of the Raj :
_bBritain's Penultimate Viceroy in India /
_cby Muhammad Iqbal Chawla
250 _a2nd ed.
260 _aKarachi :
_bOxford University Press,
_c2023
300 _axv, 313 p. :
546 _aEnglish
942 _cBK
999 _c135208
_d135208